A Textbook on Design Thinking: Principles, Processes and Applications/ (Record no. 213523)

MARC details
000 -LEADER
fixed length control field 00759nam a22002177a 4500
005 - DATE AND TIME OF LATEST TRANSACTION
control field 20250930115126.0
010 ## - LCCN (DPL NO)
LC control number ENG-146898
020 ## - INTERNATIONAL STANDARD BOOK NUMBER
International Standard Book Number 9789369580149
Terms of availability 449.00
035 ## - SYSTEM CONTROL NUMBER
System control number EN-130430
037 ## - SOURCE OF ACQUISITION
Source of stock number/acquisition DBAD
082 ## - DEWEY DECIMAL CLASSIFICATION NUMBER
Edition number 1
Classification number 624.39
100 ## - MAIN ENTRY--PERSONAL NAME
Personal name Srinivasan R,
245 ## - TITLE STATEMENT
Title A Textbook on Design Thinking: Principles, Processes and Applications/
Statement of responsibility, etc Srinivasan R, Prof.; Mohammed Ismail [and] Arulmozhi Srinivasan
250 ## - EDITION STATEMENT
Edition statement 1
260 ## - PUBLICATION, DISTRIBUTION, ETC. (IMPRINT)
Place of publication, distribution, etc Uttar Pradesh
Name of publisher, distributor, etc S. Chand Publishing
Date of publication, distribution, etc 2025
270 ## - ADDRESS
Address D-92, Sector-2, Noida
City Uttar Pradesh
Postal code 201301
Telephone number 61-120-4682700
300 ## - PHYSICAL DESCRIPTION
Extent 312p.
Dimensions 24cm(pb)
700 ## - ADDED ENTRY--PERSONAL NAME
Personal name Mohammed Ismail
Relator term Author
9 (RLIN) 85299
700 ## - ADDED ENTRY--PERSONAL NAME
Personal name Srinivasan, Arulmozhi
Relator term Author
9 (RLIN) 85300
942 ## - ADDED ENTRY ELEMENTS (KOHA)
Source of classification or shelving scheme Dewey Decimal Classification
Item type English Books
Classification part 621.39
Call number suffix SRI
Holdings
Withdrawn status Lost status Not for loan Collection code Home library Current library Date acquired Source of acquisition Cost, normal purchase price Full call number Barcode Copy number Cost, replacement price Koha item type
      Non-fiction Central Library Central Library 30/09/2025 Delivery of Books Act Division 449.00 621.39 SRI EN-130430 1 449.00 English Books

© Delhi Public Library
Hit Counter
free hit counter